[Event "Challenge"]
[Site "http://www.queenalice.com/game.php?id=713441"]
[Date "2010.1.14"]
[Round "-"]
[White "montelo"]
[Black "Scorpion2"]
[Result "0-1"]
[WhiteElo "2083"]
[BlackElo "2023"]

1. e4 c5 2. Nf3 d6 3. g3 Nc6 4. Bg2 Nf6 5. Nc3 e6 6. d3 Be7 7. Bg5 O-O 8. Qe2 h6
9. Bxf6 Bxf6 10. O-O Qa5 11. Qd2 Bd7 12. a3 Rac8 13. b4 cxb4 14. axb4 Qxb4 15.
Rab1 Qxc3 16. Rxb7 Rfd8 17. Rb3 Qxd2 18. Nxd2 Nd4 19. Ra3 Rxc2 20. Nc4 Nb5 21.
Ne3 Nxa3 22. Nxc2 Nxc2 23. Rc1 Rc8 24. h4 a5 25. Rb1 a4 26. Rb7 Be8 27. Bf3 a3
28. Ra7 Bb2 29. Bd1 Nb4 30. Bb3 Nxd3 31. Kg2 Nc1 32. Ba4 Bxa4 33. Rxa4 a2 0-1

[Event "Challenge"]
[Site "http://www.queenalice.com/game.php?id=713442"]
[Date "2010.1.14"]
[Round "-"]
[White "Scorpion2"]
[Black "montelo"]
[Result "1-0"]
[WhiteElo "1972"]
[BlackElo "2083"]

1. d4 c6 2. Nf3 f6 3. e4 e5 4. Bd3 d6 5. O-O exd4 6. Nxd4 Qe7 7. Nc3 Qf7 8. f4
Nh6 9. b3 Ng4 10. Bc4 Qc7 11. h3 Nh6 12. f5 g6 13. fxg6 hxg6 14. Rxf6 Bg7 15.
Rxg6 Bxd4+ 16. Qxd4 Qb6 17. Qxb6 axb6 18. Rxh6 Rxh6 19. Bxh6 Nd7 20. Be6 Ne5 21.
Bxc8 Rxc8 22. Rf1 Kd7 23. a4 Rh8 24. Bg7 Re8 25. Bxe5 Rxe5 26. Rf5 Re6 27. Rf7+
Ke8 28. Rxb7 d5 29. Rxb6 Kd7 30. exd5 Re1+ 31. Kf2 cxd5 32. Kxe1 1-0

[Event "Challenge"]
[Site "http://www.queenalice.com/game.php?id=718209"]
[Date "2010.1.22"]
[Round "-"]
[White "Scorpion2"]
[Black "falekhine"]
[Result "1-0"]
[WhiteElo "2065"]
[BlackElo "2052"]

1. d4 c5 2. e3 e6 3. Nf3 Nf6 4. Bd3 Nc6 5. O-O Be7 6. dxc5 O-O 7. c3 Bxc5 8.
Nbd2 d5 9. e4 dxe4 10. Nxe4 Nxe4 11. Bxe4 Qxd1 12. Rxd1 Ne7 13. b4 Bb6 14. a4
Bc7 15. Be3 f5 16. Bc2 h6 17. Bc5 Re8 18. a5 Ng6 19. Nd4 Kh8 20. Ba4 Rg8 21. Bb3
Nf4 22. g3 Nd5 23. Nxe6 Bxe6 24. Bxd5 Rge8 25. Bxb7 Rab8 26. Bc6 Rg8 27. Bxa7
Rbc8 28. b5 Be5 29. Bd4 1-0

[Event "Challenge"]
[Site "http://www.queenalice.com/game.php?id=718211"]
[Date "2010.1.22"]
[Round "-"]
[White "falekhine"]
[Black "Scorpion2"]
[Result "0-1"]
[WhiteElo "2065"]
[BlackElo "2097"]

1. d4 d5 2. c4 e6 3. Nc3 c6 4. Nf3 dxc4 5. a4 Bb4 6. Bg5 Qc7 7. e3 b5 8. Bf4 Qe7
9. Be2 Nf6 10. Bg5 h6 11. Bh4 Bb7 12. O-O Nbd7 13. axb5 cxb5 14. Nxb5 Nb6 15.
Bg3 O-O 16. Ne5 a6 17. Na3 c3 18. Nc2 cxb2 19. Rb1 Bc3 20. Ne1 Bd5 21. Bh4 Rfc8
22. Bd3 g5 23. Bg3 Ba2 24. Qf3 Bxb1 25. Bxb1 Bxe1 26. Rxe1 Rc1 27. Rf1 Rac8 0-1

[Event "Challenge"]
[Site "http://www.queenalice.com/game.php?id=720489"]
[Date "2010.1.26"]
[Round "-"]
[White "Scorpion2"]
[Black "technicaldraw"]
[Result "1-0"]
[WhiteElo "2143"]
[BlackElo "2070"]

1. d4 Nf6 2. Nf3 e6 3. e3 b6 4. Bd3 c5 5. O-O Bb7 6. Nbd2 Be7 7. dxc5 bxc5 8. e4
O-O 9. Qe2 d5 10. c3 c4 11. Bc2 Re8 12. e5 Nfd7 13. Nd4 Nc6 14. N2f3 Nxd4 15.
cxd4 Nf8 16. Be3 Rc8 17. Rfc1 Ng6 18. Qd2 Nf8 19. Rab1 Ng6 20. Bxg6 fxg6 21. Bg5
Rc7 22. Bxe7 Qxe7 23. Rc3 Rf8 24. Rbc1 Bc6 25. b3 Bb5 26. a4 Be8 27. bxc4 dxc4
28. Rxc4 Rxc4 29. Rxc4 h6 30. Qc3 a6 31. Nd2 Qh4 32. Qe3 Qe7 33. Ne4 Qb7 34. h3
1-0

[Event "Challenge"]
[Site "http://www.queenalice.com/game.php?id=720916"]
[Date "2010.1.26"]
[Round "-"]
[White "theblackfox"]
[Black "Scorpion2"]
[Result "0-1"]
[WhiteElo "1884"]
[BlackElo "2162"]

1. e4 c5 2. Nc3 Nc6 3. Nf3 e6 4. Bb5 Nf6 5. O-O Qc7 6. d4 cxd4 7. Nxd4 Bd6 8.
Re1 Bxh2+ 9. Kf1 Be5 10. Nxc6 bxc6 11. Ba4 Qa5 12. Bd2 Bxc3 13. Bxc3 Qxa4 14. b3
Qb5+ 15. Kg1 d5 16. a4 Qc5 17. Bd4 Qe7 18. e5 Nd7 19. a5 c5 20. Bb2 O-O 21. c4
d4 22. Ba3 Qg5 23. b4 Bb7 24. g3 Qh6 25. bxc5 Qh1# 0-1

[Event "Challenge"]
[Site "http://www.queenalice.com/game.php?id=720917"]
[Date "2010.1.26"]
[Round "-"]
[White "Scorpion2"]
[Black "theblackfox"]
[Result "1-0"]
[WhiteElo "2132"]
[BlackElo "1897"]

1. d4 d5 2. Nf3 Nc6 3. e3 Nf6 4. c4 Bg4 5. Nc3 e5 6. cxd5 Nxd5 7. h3 Bh5 8. Qb3
Nxc3 9. bxc3 b6 10. Bb5 Qd7 11. d5 O-O-O 12. Bxc6 Qf5 13. Qb5 Qc2 14. Qa6+ 1-0

[Event "Challenge"]
[Site "http://www.queenalice.com/game.php?id=725115"]
[Date "2010.2.3"]
[Round "-"]
[White "JCOELHO"]
[Black "Scorpion2"]
[Result "0-1"]
[WhiteElo "1972"]
[BlackElo "2169"]

1. e4 c5 2. d4 cxd4 3. Qxd4 Nc6 4. Qd1 Nf6 5. Nc3 d6 6. Bg5 Qa5 7. Bd2 Qd8 8.
Bb5 g6 9. Nf3 Bg7 10. e5 dxe5 11. Nxe5 O-O 12. Nxc6 bxc6 13. Bxc6 Rb8 14. b3 Qc7
15. Ba4 Rd8 16. O-O Ng4 17. g3 Bxc3 18. Bf4 e5 19. Bg5 Rxd1 20. Raxd1 Bd4 21. h3
h6 22. Bd2 Nf6 23. Bxh6 Bxh3 24. Rfe1 Qb7 0-1

[Event "Challenge"]
[Site "http://www.queenalice.com/game.php?id=725118"]
[Date "2010.2.3"]
[Round "-"]
[White "Scorpion2"]
[Black "JCOELHO"]
[Result "1-0"]
[WhiteElo "2180"]
[BlackElo "1972"]

1. d4 d5 2. Nf3 Nf6 3. e3 Nc6 4. c4 Bg4 5. Nc3 e5 6. cxd5 Nxd5 7. Qb3 Nxc3 8.
bxc3 exd4 9. Qxb7 Na5 10. Qe4+ Be6 11. Bb5+ c6 12. Bxc6+ Nxc6 13. Qxc6+ Bd7 14.
Qe4+ Be6 15. Nxd4 Be7 16. Nxe6 fxe6 17. O-O Rc8 18. Qxe6 Rxc3 19. Bb2 Rc2 20.
Bxg7 Qd7 21. Qxd7+ Kxd7 22. Bxh8 h5 23. Rfd1+ Ke6 24. Rdc1 Rxc1+ 25. Rxc1 a5 26.
Kf1 1-0

[Event "Challenge"]
[Site "http://www.queenalice.com/game.php?id=744785"]
[Date "2010.3.11"]
[Round "-"]
[White "Scorpion2"]
[Black "KLEOJ"]
[Result "1-0"]
[WhiteElo "2189"]
[BlackElo "2126"]

1. d4 d5 2. Nf3 Nc6 3. Bf4 Bg4 4. e3 e6 5. Nbd2 Bd6 6. Bxd6 Qxd6 7. h3 Bh5 8. c4
Nf6 9. Qb3 O-O 10. c5 Qd7 11. Bb5 a6 12. Bd3 b6 13. Rc1 bxc5 14. Rxc5 Rfb8 15.
Qa3 Nb4 16. Bb1 Bxf3 17. Nxf3 Rb6 18. Ne5 Qd6 19. O-O Ne4 20. Bxe4 dxe4 21. Nc4
Nc2 22. Qc3 Qd7 23. Nxb6 cxb6 24. Rc7 1-0

[Event "Challenge"]
[Site "http://www.queenalice.com/game.php?id=751571"]
[Date "2010.3.25"]
[Round "-"]
[White "Scorpion2"]
[Black "KLEOJ"]
[Result "1-0"]
[WhiteElo "2205"]
[BlackElo "2119"]

1. d4 d5 2. Nf3 Nc6 3. Bf4 Bg4 4. e3 e6 5. c4 Bd6 6. Bxd6 Qxd6 7. c5 Qd7 8. Bb5
Nge7 9. Nc3 O-O 10. h3 Bh5 11. O-O a6 12. Ba4 b5 13. Bc2 e5 14. dxe5 Bxf3 15.
Qxf3 Nxe5 16. Qh5 N5g6 17. Rad1 c6 18. Ne2 Qa7 19. b4 a5 20. a3 axb4 21. axb4
Qa2 22. Nd4 Qc4 23. Rb1 f5 24. Bb3 Qd3 25. Rfd1 Qe4 26. Nxc6 Kh8 27. Nd4 f4 28.
Bc2 Qe5 29. Qxe5 Nxe5 30. Ne6 Rf6 31. Nxf4 Ra2 32. Bb3 Ra8 33. Nxd5 Nxd5 34.
Bxd5 Raf8 35. f4 Ng6 36. Bb7 Rb8 37. c6 Rff8 38. Rd7 Rfe8 39. Rbd1 Nf8 40. c7
Nxd7 41. Rxd7 1-0

[Event "Challenge #01"]
[Site "http://www.queenalice.com/game.php?id=778646"]
[Date "2010.5.21"]
[Round "-"]
[White "Aylton"]
[Black "Scorpion2"]
[Result "0-1"]
[WhiteElo "2007"]
[BlackElo "2225"]

1. d4 d5 2. Nf3 e6 3. e3 c5 4. c4 Nc6 5. Nc3 Nf6 6. a3 dxc4 7. Bxc4 cxd4 8. Nxd4
Nxd4 9. Qxd4 Qxd4 10. exd4 a6 11. f3 Bd7 12. Kf2 Rc8 13. Ba2 b5 14. Bd2 Be7 15.
h3 O-O 16. Rac1 Rfd8 17. Be3 Bc6 18. Rhd1 Bb7 19. b4 h6 20. g4 Kf8 21. f4 Rxc3
22. Rxc3 Ne4+ 0-1

[Event "Challenge #02"]
[Site "http://www.queenalice.com/game.php?id=778647"]
[Date "2010.5.21"]
[Round "-"]
[White "Scorpion2"]
[Black "Aylton"]
[Result "1-0"]
[WhiteElo "2232"]
[BlackElo "2047"]

1. d4 d5 2. Nf3 Nf6 3. e3 e6 4. Nbd2 c5 5. c3 a6 6. Bd3 Nc6 7. O-O Be7 8. dxc5
Bxc5 9. e4 dxe4 10. Nxe4 Nxe4 11. Bxe4 Bd7 12. Qd3 f5 13. Bxc6 Bxc6 14. Qe2 Qe7
15. Re1 Bxf3 16. Qxf3 O-O 17. Bf4 Rad8 18. Rad1 Rxd1 19. Rxd1 Re8 20. b4 Bb6 21.
Bd6 Qf7 22. Qg3 h6 23. a4 Ba7 24. Qe5 Kh7 25. c4 Qd7 26. Qa1 Qc6 27. c5 b6 28.
b5 axb5 29. axb5 Qb7 30. c6 Qf7 31. c7 Ra8 32. Qa6 Qe8 33. Qb7 Qc8 34. Qxc8 Rxc8
35. Ra1 1-0

[Event "Challenge"]
[Site "http://www.queenalice.com/game.php?id=778870"]
[Date "2010.5.21"]
[Round "-"]
[White "Rudolf"]
[Black "Scorpion2"]
[Result "1/2-1/2"]
[WhiteElo "2338"]
[BlackElo "2220"]

1. e4 c5 2. Nf3 d6 3. d4 cxd4 4. Nxd4 Nf6 5. Nc3 g6 6. Bb5+ Bd7 7. O-O Bg7 8.
Be2 O-O 9. Be3 Nc6 10. f4 Qb6 11. Qd3 Qxb2 12. Rab1 Qa3 13. e5 dxe5 14. Nxc6
Bxc6 15. fxe5 Nd7 16. Nd5 Qxd3 17. Nxe7+ Kh8 18. cxd3 Nxe5 19. Nxc6 bxc6 20. Rb7
f5 21. Rfb1 a5 22. h3 Rfe8 23. Rc7 Ng4 24. Rbb7 Rxe3 25. Rxg7 Nf6 26. Rgf7 Rxe2
27. Rxf6 Rxa2 28. Rff7 h5 1/2-1/2

[Event "Challenge"]
[Site "http://www.queenalice.com/game.php?id=826936"]
[Date "2010.9.2"]
[Round "-"]
[White "capeleite"]
[Black "Scorpion2"]
[Result "1-0"]
[WhiteElo "2217"]
[BlackElo "2241"]

1. e4 c5 2. Nf3 Nc6 3. Bb5 d6 4. Bxc6+ bxc6 5. O-O Bg4 6. h3 Bh5 7. e5 d5 8. d3
e6 9. Nbd2 Ne7 10. Nb3 Bxf3 11. Qxf3 Nf5 12. c4 Be7 13. d4 cxd4 14. cxd5 cxd5
15. Qd3 Qb6 16. Bd2 a5 17. g4 Nh4 18. f4 h5 19. Rac1 hxg4 20. hxg4 Ng6 21. Kg2
a4 22. Nxd4 Qxb2 23. Rc2 Qb7 24. Rfc1 Bd8 25. Rc6 Qe7 26. g5 Rb8 27. Kg3 O-O 28.
Nxe6 Nxe5 29. Qc3 fxe6 30. Qxe5 Rb7 31. Rxe6 Qf7 32. Rd6 Be7 33. Rxd5 Re8 34.
Qd4 Bf8 35. Rc6 Qh5 36. g6 Qh1 37. Rc1 Qh6 38. Rg5 1-0

[Event "Challenge"]
[Site "http://www.queenalice.com/game.php?id=838494"]
[Date "2010.9.27"]
[Round "-"]
[White "Scorpion2"]
[Black "eddval"]
[Result "1/2-1/2"]
[WhiteElo "2228"]
[BlackElo "2145"]

1. d4 Nf6 2. Nf3 d5 3. e3 Bf5 4. c4 e6 5. Qb3 b6 6. Nc3 c6 7. cxd5 exd5 8. Bd2
Bd6 9. Rc1 Qe7 10. Be2 h6 11. O-O O-O 12. Nh4 Bh7 13. Bd1 Ne4 14. Nf3 Nxd2 15.
Nxd2 Nd7 16. Qa4 Rfc8 17. Bc2 Bxc2 18. Qxc2 Nf6 19. Qf5 g6 20. Qf3 Re8 21. Rfe1
Kg7 22. e4 dxe4 23. Ndxe4 Nxe4 24. Rxe4 Qf6 25. Qxf6+ Kxf6 26. f3 Kg7 27. Rce1
Kf8 28. g3 Bb4 29. Kf2 Rad8 30. a3 Bd6 31. Rxe8+ Rxe8 32. Rxe8+ Kxe8 33. Ke3 Kd7
34. b4 Be7 35. Kd3 1/2-1/2

[Event "Challenge"]
[Site "http://www.queenalice.com/game.php?id=896258"]
[Date "2011.2.5"]
[Round "-"]
[White "thiagobrumchess"]
[Black "Scorpion2"]
[Result "0-1"]
[WhiteElo "1777"]
[BlackElo "2226"]

1. e4 c5 2. Nf3 d6 3. Bc4 e6 4. c3 Nc6 5. d4 Nf6 6. Qc2 Nxe4 7. Qxe4 d5 8. Bxd5
Qxd5 9. Qxd5 exd5 10. O-O Bg4 11. Nbd2 cxd4 12. cxd4 Nb4 13. a3 Nc2 14. Rb1 Bd6
15. h3 Bf5 16. b4 Bd3 17. Rb3 Bxf1 18. Nxf1 Rc8 19. Ne3 Nxd4 20. Nxd4 Rxc1+ 21.
Nf1 Kd7 22. Ne2 Ra1 23. Nc3 Re8 24. Nxd5 Ree1 25. Ne3 Bf4 26. Rd3+ Kc8 27. Rc3+
Kb8 28. g3 Bxe3 29. fxe3 Rxf1+ 30. Kg2 Rf6 31. e4 Raf1 32. h4 h5 33. e5 R6f2+
34. Kh3 Rh1# 0-1

[Event "Let's Play Chess!"]
[Site "http://www.queenalice.com/game.php?id=1228120"]
[Date "2013.10.29"]
[Round "-"]
[White "Scorpion2"]
[Black "leandro10"]
[Result "1-0"]
[WhiteElo "2227"]
[BlackElo "1475"]

1. d4 d5 2. Nf3 Bg4 3. Ne5 Be6 4. e3 f6 5. Nd3 c6 6. c4 dxc4 7. Nc5 Bc8 8. Bxc4
b5 9. Bd3 e6 10. Qh5+ Ke7 11. Nc3 Nh6 12. O-O g6 13. Qf3 b4 14. N3e4 f5 15. Ng5
Ng4 16. Bc4 h6 17. Ngxe6 Bxe6 18. Nxe6 Qd6 19. Qh3 Nd7 20. e4 h5 21. Bf4 Qxe6
22. Bxe6 Kxe6 23. Qb3+ Kf6 24. e5+ Kg7 25. Qe6 Rd8 26. Bg5 Rb8 27. Qxd7+ Kg8 28.
Qe6+ Kg7 29. h3 Nh6 30. Bf6+ Kh7 31. Bxh8 Kxh8 32. Qxg6 a5 33. Rac1 b3 34. a3
Rc8 35. Rxc6 Rd8 36. Rc7 Rxd4 37. Qh7# 1-0

[Event "Let's Play Chess!"]
[Site "http://www.queenalice.com/game.php?id=1236813"]
[Date "2013.12.1"]
[Round "-"]
[White "Scorpion2"]
[Black "charles31"]
[Result "1-0"]
[WhiteElo "2228"]
[BlackElo "1711"]

1. d4 d5 2. Nf3 h6 3. c4 dxc4 4. Nc3 c6 5. a4 Bd7 6. e4 b5 7. axb5 cxb5 8. b3
cxb3 9. Qxb3 e6 10. Bxb5 Be7 11. d5 exd5 12. Nxd5 Nf6 13. Nxe7 Qxe7 14. Ba3
Qxe4+ 15. Kf1 Bxb5+ 16. Qxb5+ Qc6 17. Qb4 Qa6+ 18. Kg1 Nc6 19. Qd6 Rd8 20. Re1+
1-0

[Event "Let's Play Chess!"]
[Site "http://www.queenalice.com/game.php?id=1242023"]
[Date "2013.12.22"]
[Round "-"]
[White "EMB2"]
[Black "Scorpion2"]
[Result "1/2-1/2"]
[WhiteElo "2195"]
[BlackElo "2221"]

1. d4 d5 2. c4 e6 3. Nc3 Nf6 4. Bg5 Be7 5. e3 c6 6. Qc2 Nbd7 7. Nf3 O-O 8. Bd3
h6 9. Bh4 b6 10. cxd5 exd5 11. O-O Re8 12. Rac1 Bb7 13. Rfe1 Rc8 14. Qb3 c5 15.
Bxf6 Nxf6 16. dxc5 Bxc5 17. Red1 Ng4 18. Rc2 Nxf2 19. Kxf2 Rxe3 20. Kf1 d4 21.
Ne2 Bd5 22. Qa4 Bxf3 23. gxf3 Qf6 24. Ng1 Rd8 25. Rf2 a5 26. Qc2 Qg5 27. Re2
Rde8 28. Rxe3 Rxe3 29. a3 g6 30. Qf2 Kg7 31. f4 Qg4 32. Rd2 Qe6 33. f5 Qb3 34.
Ba6 d3 35. Qf4 Qa2 36. Qg4 Qd5 37. Bc4 Qd6 38. fxg6 fxg6 39. Nf3 h5 40. Qg2 Qf4
41. Bd5 h4 42. h3 b5 43. Rd1 Re2 44. Qg5 Rf2+ 45. Ke1 Rxf3 46. Qxf4 Rxf4 47.
Rxd3 Bd4 48. b3 Kf6 49. Rf3 g5 50. Rxf4+ gxf4 51. Bc6 b4 52. a4 Ke5 53. Ke2 Be3
1/2-1/2

[Event "Challenge"]
[Site "http://www.queenalice.com/game.php?id=1242876"]
[Date "2013.12.26"]
[Round "-"]
[White "picapal"]
[Black "Scorpion2"]
[Result "0-1"]
[WhiteElo "1846"]
[BlackElo "2229"]

1. e4 c5 2. Nf3 a6 3. d4 cxd4 4. Qxd4 Nc6 5. Qc4 e6 6. Bg5 Be7 7. Bd2 b5 8. Qb3
Nf6 9. e5 Ng4 10. Bf4 Bc5 11. Nbd2 Bxf2+ 12. Ke2 Bb6 13. h3 Nf2 14. Rh2 Qe7 15.
Be3 Na5 16. Qa3 b4 17. Qa4 Bxe3 18. Kxe3 Qc5+ 19. Nd4 Qxe5+ 20. Kxf2 Qxd4+ 21.
Ke1 Qxb2 22. Qxa5 Qxa1+ 23. Kf2 Qd4+ 24. Ke1 O-O 25. Be2 Bb7 26. Qg5 Rac8 27.
Nf3 Bxf3 28. gxf3 Rc5 29. Qg4 Qxg4 30. hxg4 Rxc2 31. Rh5 Rxa2 32. Rc5 d5 33. Bd3
b3 34. Rc3 Rb8 35. f4 a5 36. Rc1 a4 37. Rc3 Rh2 38. Rc5 b2 0-1

[Event "In-between Fast Chess!"]
[Site "http://www.queenalice.com/game.php?id=1256918"]
[Date "2014.2.15"]
[Round "-"]
[White "Scorpion2"]
[Black "Feanzeli"]
[Result "1/2-1/2"]
[WhiteElo "2230"]
[BlackElo "1918"]

1. d4 d5 2. Nf3 Nf6 3. e3 Bf5 4. c4 e6 5. Qb3 b6 6. cxd5 exd5 7. Nc3 Bd6 8. Nb5
a6 9. Nxd6+ Qxd6 10. Bd2 O-O 11. Rc1 c5 12. dxc5 bxc5 13. Qa3 Ne4 14. Bd3 Nd7
15. O-O Bg4 16. Be1 Bxf3 17. gxf3 Ng5 18. f4 Nf3+ 19. Kg2 Nh4+ 20. Kh1 Qe6 21.
f3 Qh3 22. Bxh4 Qxh4 23. Bf5 Rad8 24. Bxd7 Rxd7 25. Qxc5 Re8 26. Qd4 Rde7 27.
Rg1 g6 28. Rce1 Qh3 29. Rg3 Qf5 30. b3 Rc7 31. Re2 Rec8 32. Rd2 Rc1+ 33. Rg1 Qh3
34. Qxd5 Rxg1+ 35. Kxg1 Rc1+ 36. Rd1 Rc2 37. Rd2 Rc1+ 38. Rd1 Rc2 39. Rd2 Rc1+
40. Rd1 1/2-1/2

[Event "Amistosa 023"]
[Site "http://www.queenalice.com/game.php?id=1275829"]
[Date "2014.4.26"]
[Round "-"]
[White "Scorpion2"]
[Black "sergiogvh"]
[Result "1-0"]
[WhiteElo "2220"]
[BlackElo "1989"]

1. d4 Nf6 2. Nf3 c5 3. e3 cxd4 4. exd4 d5 5. c4 dxc4 6. Bxc4 Bg4 7. Bxf7+ Kxf7
8. Ne5+ Kg8 9. Nxg4 e6 10. O-O Nc6 11. Be3 Nd5 12. Qb3 Qb6 13. Qxb6 axb6 14. Nc3
h5 15. Nxd5 hxg4 16. Nxb6 Ra5 17. Rfd1 Bd6 18. Nc4 Bxh2+ 19. Kf1 Rf5 20. Ke2 Bb8
21. Rh1 Rxh1 22. Rxh1 Rd5 23. Rh4 Nxd4+ 24. Bxd4 Rxd4 25. b3 Bc7 26. Ke3 Rf4 27.
Ke2 Rd4 28. Rh5 g3 29. fxg3 Bxg3 30. Rb5 Rf4 31. a4 Rf7 32. Na5 Rf2+ 33. Ke3
Rxg2 34. Kf3 Rg1 35. Nxb7 Bc7 36. Nc5 Rf1+ 37. Ke2 Rf6 38. b4 e5 39. a5 Rh6 40.
a6 Rh2+ 41. Kf3 1-0